000 01952cam a22003611ia4500
003 SA-RiAUC
005 20241015132111.0
008 241014s1998 le g b 00100cara c
020 _a6006
040 _aSA-RiAUC
_bara
_cSA-RiAUC
_erda
082 0 4 _a920.02
_qSA-RiAUC
090 _a920.02 ع م ر
_bع م ر
100 1 _aعمر الشماع، عمر بن أحمد بن علي،
_d880-936 هجري.
_eمؤلف.
245 1 2 _aالقبس الحاوي لغرر ضوء السخاوي /
_cتأليف زين الدين عمر بن أحمد بن على بن محمود الشماع الحلبي ؛ حققه وعلق عليه وصنع فهارسه حسن إسماعيل مروة، خلدون حسن مروة ؛ خرج أحاديثه وقدم له محمود الأرناؤوط.
250 _aالطبعة الأولى.
264 1 _aبيروت :
_bدار صادر للطباعة والنشر،
_c1998
300 _a2 مجلد ؛
_c24 × 17 سم
336 _aنص
_btxt
_2rdacontent
_3كتاب
337 _aبدون وسيط
_bn
_2rdamedia
338 _aمجلد
_bnc
_2rdacarrier
500 _aكشافات عامة : صفحة 405-531.
504 _aيشتمل على إرجاعات ببليوجرافية.
563 _aمجلد فني أبيض.
650 7 _aتراجم
_yقرن 15
_2aucsh
700 1 _aمروة، حسن إسماعيل
_eمحقق.
700 1 _aمروة، خلدون حسن
_eمحقق.
700 1 _aالأرناؤوط، محمود،
_d1954-
_eمخرج أحاديث.
700 1 2 _iشرح لـ (عمل) :
_aالسخاوي، محمد بن عبد الرحمن بن محمد،
_d831-902 هجري.
_tالضوء اللامع لأهل القرن التاسع
700 1 2 _iتحقيق لـ (عمل) :
_aعمر الشماع، عمر بن أحمد بن علي،
_d1475-1529.
_tالقبس الحاوي لغرر ضوء السخاوي
942 _2ddc
_cBOOK
_n0
949 _aSA-JeALM
_d241014
_umohamedma123
_n1
999 _c1354
_d1354